| LEADER 00000nam 2200000uu 4500 |
| 001 13399112166 |
| 003 ULIBM |
| 008 251009s||||||||th 000 0 tha d |
| 020 ^a9786160445431 |
| 082 0 ^a004.1083^bช94W |
| 100 1 ^aโช ยองซอน |
| 245 11 ^aWhy คอมพิวเตอร์ /^cโช ยองซอน, เขียน ;^cณัฐพร อัศราวุฒิกิจและนันทนัช อิงครัตน์, แปล |
| 260 ^aกรุงเทพฯ :^bนามมีบุ๊คส์,^c2562. |
| 300 ^a159 หน้า :^bภาพประกอบ ;^c19 ซม. |
| 650 7 ^aคอมพิวเตอร์^xเยาวชน |
| 650 7 ^aซอฟต์แวร์ |
| 999 ^astudent68ภัทรวดี ผุยม่อง |
| คุณยังไม่ได้ล็อกอิน คุณสามารถมีกิจกรรมร่วมกับเว็บไซต์ได้ แต่ต้องล็อกอินก่อน :: |
|
| ไม่มีไอเทมให้บริการ |
| ไม่มีไอเทมให้บริการ |
mysqli: Can't create/write to file '/tmp/#sql_4a2_0.MYI' (Errcode: 28)
select * from index_db where titl like '%Why คอมพิวเตอร์ / โช ยองซอน, เขียน ; ณัฐพร อัศราวุฒิกิจและนันทนัช อิงครัตน์, แปล%' and mid<>'13399112166' order by rand() limit 3
mysqli: Can't create/write to file '/tmp/#sql_4a2_0.MYI' (Errcode: 28)
select * from index_db where auth like '%โช ยองซอน%' and mid<>'13399112166' order by rand() limit 3
mysqli: Can't create/write to file '/tmp/#sql_4a2_0.MYI' (Errcode: 28)
select * from index_db where subj like '%คอมพิวเตอร์ เยาวชน%' and mid<>'13399112166' order by rand() limit 3
mysqli: Can't create/write to file '/tmp/#sql_4a2_0.MYI' (Errcode: 28)
select * from index_db where subj like '%ซอฟต์แวร์%' and mid<>'13399112166' order by rand() limit 3
|
ยังไม่เคยถูกคอมเมนท์
|
| คอมเมนท์ทรัพยากรรายการนี้ |
|